[Event "SR 1. liga zapad 2013/2014"]
[Site "?"]
[Date "2013.10.13"]
[Round "10.2"]
[White "Veres, Andrej"]
[Black "Havlicek, Libor"]
[Result "0-1"]
[WhiteElo "2161"]
[BlackElo "2268"]
[PlyCount "62"]
[EventDate "2013.??.??"]
[WhiteTeam "SKS Dubnica n/Vahom B"]
[BlackTeam "SK Slovan Bratislava C"]

1. d4 Nf6 2. Nf3 e6 3. c4 b6 4. g3 Bb4+ 5. Bd2 Be7 6. Bg2 Bb7 7. O-O O-O 8. Nc3
c5 9. d5 exd5 10. Nh4 d6 11. Nf5 Na6 12. cxd5 Re8 13. e4 Bf8 14. Bg5 h6 15. Bf4
Nc7 16. Re1 g5 17. Bd2 Bc8 18. Ne3 b5 19. f4 b4 20. e5 bxc3 21. Bxc3 Nh7 22. e6
fxe6 23. dxe6 Bxe6 24. Nd5 Bf7 25. Rxe8 Nxe8 26. Qd3 Rb8 27. Be4 Nhf6 28. fxg5
Nxe4 29. Qxe4 Qxg5 30. Ne3 Bg7 31. Bd2 Rxb2 0-1

[Event "SR 1. liga zapad 2013/2014"]
[Site "?"]
[Date "2013.10.13"]
[Round "10.3"]
[White "Castiglione, Mario"]
[Black "Podoba, Milan"]
[Result "1/2-1/2"]
[WhiteElo "2240"]
[BlackElo "2132"]
[PlyCount "32"]
[EventDate "2013.??.??"]
[WhiteTeam "SK Slovan Bratislava C"]
[BlackTeam "SKS Dubnica n/Vahom B"]

1. e4 e5 2. d4 exd4 3. Nf3 Nc6 4. Nxd4 Nf6 5. Nxc6 bxc6 6. e5 Qe7 7. Qe2 Nd5 8.
c4 Ba6 9. b3 O-O-O 10. g3 f6 11. Bg2 fxe5 12. O-O Nf6 13. Bb2 Re8 14. Re1 h5
15. Nd2 Qf7 16. Qe3 Kb8 1/2-1/2

[Event "SR 1. liga zapad 2013/2014"]
[Site "?"]
[Date "2013.10.13"]
[Round "10.4"]
[White "Lazo, Juraj"]
[Black "Kovac, Andrej"]
[Result "0-1"]
[WhiteElo "2138"]
[BlackElo "2171"]
[PlyCount "70"]
[EventDate "2013.??.??"]
[WhiteTeam "SKS Dubnica n/Vahom B"]
[BlackTeam "SK Slovan Bratislava C"]

1. d4 Nf6 2. c4 e6 3. Nc3 Bb4 4. Qc2 b6 5. Bg5 h6 6. Bh4 Bb7 7. e3 Bxc3+ 8.
bxc3 d6 9. Nf3 Nbd7 10. Bxf6 Qxf6 11. Be2 g5 12. O-O O-O-O 13. Qa4 Kb8 14. c5
dxc5 15. Bb5 Qe7 16. Rfd1 g4 17. Ne1 Nf6 18. Nd3 Ne4 19. Rac1 f6 20. Bc6 h5 21.
Bxb7 Kxb7 22. Qc4 Nd6 23. Qa4 c4 24. Nb4 Qd7 25. Qa6+ Ka8 26. d5 Qc8 27. Qa4
Qb7 28. Nc6 Rde8 29. Rb1 h4 30. Na5 Qa6 31. Qc6+ Kb8 32. Nxc4 Qxc4 33. Qd7 g3
34. fxg3 hxg3 35. h3 Qe4 0-1

[Event "SR 1. liga zapad 2013/2014"]
[Site "?"]
[Date "2013.10.13"]
[Round "10.5"]
[White "Dolnak, Michal"]
[Black "Sukuba, Zdeno"]
[Result "1-0"]
[WhiteElo "2164"]
[BlackElo "2108"]
[PlyCount "73"]
[EventDate "2013.??.??"]
[WhiteTeam "SK Slovan Bratislava C"]
[BlackTeam "SKS Dubnica n/Vahom B"]

1. d4 Nf6 2. Nf3 e6 3. c4 b6 4. g3 Bb7 5. Bg2 Be7 6. O-O O-O 7. Re1 d5 8. cxd5
exd5 9. Nc3 Nbd7 10. Bf4 Rc8 11. Bh3 Ra8 12. Rc1 c6 13. Qc2 Bb4 14. a3 Bxc3 15.
bxc3 b5 16. Bg5 Qe8 17. Nd2 c5 18. dxc5 Nxc5 19. Bxf6 gxf6 20. Nb3 Ne4 21. Nd4
a6 22. Rb1 Bc8 23. Bg2 Bd7 24. f3 Nd6 25. e4 dxe4 26. fxe4 Qe5 27. Qf2 Rac8 28.
Nf3 Qxc3 29. Rbd1 Qxa3 30. Qd4 Rfd8 31. Qxd6 Qc3 32. Qe7 Qc7 33. Qxf6 Be6 34.
Ng5 Rxd1 35. Rxd1 Qc5+ 36. Kh1 Qf8 37. Nxe6 1-0

[Event "SR 1. liga zapad 2013/2014"]
[Site "?"]
[Date "2013.10.13"]
[Round "10.6"]
[White "Orgon, Dusan"]
[Black "Travenec, Igor"]
[Result "0-1"]
[WhiteElo "2089"]
[BlackElo "2238"]
[PlyCount "64"]
[EventDate "2013.??.??"]
[WhiteTeam "SKS Dubnica n/Vahom B"]
[BlackTeam "SK Slovan Bratislava C"]

1. d4 Nf6 2. Nf3 e6 3. e3 d5 4. Bd3 c5 5. O-O Nc6 6. c3 Bd6 7. Nbd2 O-O 8. Qe2
Re8 9. Rd1 e5 10. dxe5 Nxe5 11. Nxe5 Bxe5 12. e4 Qc7 13. h3 Bf5 14. f3 Bf4 15.
g4 Bg6 16. Re1 Rad8 17. Bb5 Re7 18. Qg2 c4 19. Ba4 Qb6+ 20. Kh1 Bxd2 21. Bxd2
dxe4 22. f4 e3 23. f5 Rxd2 24. Re2 Qxb2 25. Rae1 Rxe2 26. Rxe2 Qxc3 27. fxg6
hxg6 28. Bc2 Qd4 29. Kg1 Nd5 30. Qf3 Nf4 31. Re1 Qd2 32. Rd1 e2 0-1

[Event "SR 1. liga zapad 2013/2014"]
[Site "?"]
[Date "2013.10.13"]
[Round "11.1"]
[White "Cernousek, Lukas"]
[Black "Zatko, Gregor"]
[Result "1-0"]
[WhiteElo "2455"]
[BlackElo "2188"]
[PlyCount "83"]
[EventDate "2013.??.??"]
[WhiteTeam "SK Modra"]
[BlackTeam "SK Levice"]

1. d4 Nf6 2. c4 e6 3. g3 Bb4+ 4. Bd2 Qe7 5. Nf3 Nc6 6. Nc3 Bxc3 7. Bxc3 Ne4 8.
Rc1 Nxc3 9. Rxc3 d6 10. d5 Nd8 11. Bg2 e5 12. Nd2 O-O 13. c5 f5 14. O-O Nf7 15.
Qb3 b6 16. cxd6 cxd6 17. Qa3 Bb7 18. Rfc1 Rfc8 19. e4 Rxc3 20. Rxc3 g6 21. h4
Kg7 22. Nc4 fxe4 23. Bxe4 Qd8 24. Rc2 Qd7 25. Bg2 Qf5 26. Ne3 Qd7 27. Kh2 a5
28. Bh3 Qd8 29. Qc3 Ba6 30. Qc7 Qf6 31. Be6 Rf8 32. Qxb6 Bd3 33. Ng4 Qf3 34.
Rc3 Qd1 35. Qb3 Qf1 36. Rxd3 Ng5 37. hxg5 Rxf2+ 38. Nxf2 Qxf2+ 39. Kh3 Qf1+ 40.
Kg4 h5+ 41. gxh6+ Kxh6 42. Qd1 1-0

[Event "SR 1. liga zapad 2013/2014"]
[Site "?"]
[Date "2013.10.13"]
[Round "11.2"]
[White "Kalisky, Vladimir"]
[Black "Federic, Jozef"]
[Result "1-0"]
[WhiteElo "2186"]
[BlackElo "2269"]
[PlyCount "87"]
[EventDate "2013.??.??"]
[WhiteTeam "SK Levice"]
[BlackTeam "SK Modra"]

1. c4 e6 2. g3 Nf6 3. Bg2 d5 4. Nf3 Be7 5. O-O O-O 6. b3 c5 7. Bb2 Nc6 8. d3 d4
9. Na3 Nd7 10. Nc2 e5 11. e3 Re8 12. exd4 cxd4 13. Re1 f6 14. Nh4 Nf8 15. f4
exf4 16. Bd5+ Kh8 17. Qh5 g6 18. Qh6 Ne5 19. Bxd4 fxg3 20. hxg3 Qc7 21. Qf4 g5
22. Bxe5 Qxe5 23. Qxe5 fxe5 24. Nf3 Bf6 25. d4 Bf5 26. dxe5 Bd8 27. Ncd4 Bb6
28. Kg2 Bg4 29. Nb5 Bxf3+ 30. Kxf3 Nd7 31. Nd6 Rf8+ 32. Kg4 Bd4 33. e6 Nf6+ 34.
Kxg5 Bxa1 35. Rxa1 Ng8 36. Nf5 Rae8 37. Re1 Ne7 38. g4 b6 39. Re4 Nxf5 40. gxf5
Kg7 41. Rh4 Re7 42. Rh6 Rxf5+ 43. Kxf5 Kxh6 44. Kf6 1-0

[Event "SR 1. liga zapad 2013/2014"]
[Site "?"]
[Date "2013.10.13"]
[Round "11.3"]
[White "Banas, Kamil"]
[Black "Hudoba, Ondrej"]
[Result "1/2-1/2"]
[WhiteElo "2221"]
[BlackElo "2155"]
[PlyCount "64"]
[EventDate "2013.??.??"]
[WhiteTeam "SK Modra"]
[BlackTeam "SK Levice"]

1. e4 e5 2. Nf3 Nc6 3. d4 exd4 4. Nxd4 Bc5 5. Nb3 Bb6 6. Nc3 Qf6 7. f4 Nge7 8.
Qf3 d6 9. Bd2 h5 10. h3 Be6 11. O-O-O O-O-O 12. Nd5 Bxd5 13. exd5 Nd4 14. Nxd4
Qxd4 15. c4 Nf5 16. Bd3 Nh4 17. Qf1 Kb8 18. Kc2 Qf2 19. g4 hxg4 20. hxg4 Ng2
21. Qxf2 Bxf2 22. Rdf1 Ne3+ 23. Bxe3 Bxe3 24. f5 Bg5 25. Be4 Rde8 26. Rxh8 Rxh8
27. Rh1 Rxh1 28. Bxh1 a5 29. a4 Kc8 30. Kd3 Kd7 31. b3 Ke7 32. Ke4 Kf6 1/2-1/2

[Event "SR 1. liga zapad 2013/2014"]
[Site "?"]
[Date "2013.10.13"]
[Round "11.4"]
[White "Chlpik, Martin"]
[Black "Kleman, Miroslav"]
[Result "0-1"]
[WhiteElo "2077"]
[BlackElo "2188"]
[PlyCount "72"]
[EventDate "2013.??.??"]
[WhiteTeam "SK Levice"]
[BlackTeam "SK Modra"]

1. d4 Nf6 2. Nf3 d6 3. Bf4 Nbd7 4. h3 g6 5. e3 Bg7 6. Nbd2 O-O 7. Be2 Qe8 8.
O-O e5 9. dxe5 dxe5 10. Bh2 Qe7 11. Nc4 Rd8 12. Qe1 Ne8 13. Rd1 e4 14. Nd4 Nf8
15. Na5 Ne6 16. Nxe6 Rxd1 17. Qxd1 Bxe6 18. Nxb7 Bxb2 19. Qb1 Bc3 20. Qb5 Qb4
21. Qc6 Nf6 22. Rd1 Bd7 23. Qc5 Rb8 24. Qxb4 Bxb4 25. Ba6 Be6 26. Bxc7 Rc8 27.
Bd8 Nd5 28. Rd4 Bc3 29. Rxe4 Nb4 30. Bd3 Rb8 31. Na5 Rxd8 32. Rxb4 Bxb4 33. Nc6
Rxd3 34. cxd3 Bc5 35. d4 Bb6 36. a4 Bd7 0-1

[Event "SR 1. liga zapad 2013/2014"]
[Site "?"]
[Date "2013.10.13"]
[Round "11.5"]
[White "Federic, Pavol"]
[Black "Berek, Geza"]
[Result "0-1"]
[WhiteElo "2172"]
[BlackElo "2134"]
[PlyCount "74"]
[EventDate "2013.??.??"]
[WhiteTeam "SK Modra"]
[BlackTeam "SK Levice"]

1. e4 g6 2. d4 Bg7 3. Nc3 d6 4. f4 a6 5. Nf3 b5 6. Bd3 Nd7 7. e5 Bb7 8. O-O c5
9. exd6 cxd4 10. Ne4 e6 11. a4 Qb6 12. Re1 Ngf6 13. axb5 axb5 14. Rxa8+ Bxa8
15. Nxf6+ Nxf6 16. f5 gxf5 17. Bxf5 O-O 18. Bd3 Qxd6 19. c3 Rd8 20. Bxb5 Qc5
21. c4 Ng4 22. b4 Qxb4 23. h3 Bxf3 24. gxf3 Ne5 25. Re4 Qc3 26. Kg2 Nxc4 27.
Bg5 Rd5 28. Bf4 Rxb5 29. Qa4 Qb4 30. Qa8+ Qf8 31. Qc6 Rc5 32. Qd7 Ne3+ 33. Kg3
Nf5+ 34. Kf2 Rd5 35. Qb7 Qd8 36. Bc7 Rd7 37. Qb8 Qxb8 0-1

[Event "SR 1. liga zapad 2013/2014"]
[Site "?"]
[Date "2013.10.13"]
[Round "11.6"]
[White "Bencik, Pavol"]
[Black "Skara, Vladimir"]
[Result "0-1"]
[WhiteElo "2023"]
[BlackElo "2170"]
[PlyCount "96"]
[EventDate "2013.??.??"]
[WhiteTeam "SK Levice"]
[BlackTeam "SK Modra"]

1. e4 e6 2. d4 d5 3. exd5 exd5 4. Bd3 c5 5. dxc5 Bxc5 6. Nf3 Nf6 7. O-O O-O 8.
Bg5 Bg4 9. Nbd2 Nc6 10. c3 Re8 11. Qa4 Bxf3 12. Nxf3 h6 13. Bh4 g5 14. Nxg5
hxg5 15. Bxg5 Bf8 16. Qf4 Bg7 17. Rfe1 Re6 18. Bf5 Rxe1+ 19. Rxe1 Qf8 20. Bd3
Re8 21. Rxe8 Nxe8 22. Qf3 Qd6 23. h4 Qe6 24. Bf5 Qe1+ 25. Kh2 Be5+ 26. g3 Nd6
27. Bd3 d4 28. Bf6 Bxf6 29. Qxf6 Qe5 30. Qh6 Ne4 31. f4 Nf6 32. fxe5 Ng4+ 33.
Kh3 Nxh6 34. cxd4 Nxd4 35. Be4 b6 36. g4 Kg7 37. h5 f6 38. exf6+ Kxf6 39. Kh4
Ne6 40. Bd5 Ng5 41. b4 Nhf7 42. Bxf7 Nxf7 43. b5 Nd6 44. g5+ Kf5 45. g6 Kf6 46.
a4 Ne4 47. Kg4 Nc3 48. a5 bxa5 0-1

[Event "SR 1. liga zapad 2013/2014"]
[Site "?"]
[Date "2013.10.13"]
[Round "11.7"]
[White "Matejovic, Juraj"]
[Black "Nikel, Rastislav"]
[Result "1-0"]
[WhiteElo "2186"]
[BlackElo "2018"]
[PlyCount "99"]
[EventDate "2013.??.??"]
[WhiteTeam "SK Modra"]
[BlackTeam "SK Levice"]

1. e4 e5 2. Nf3 Nc6 3. Bb5 a6 4. Bxc6 dxc6 5. O-O f6 6. d4 exd4 7. Nxd4 c5 8.
Ne2 Be6 9. Be3 Qxd1 10. Rxd1 Bd6 11. Bf4 O-O-O 12. Nbc3 g5 13. Bxd6 cxd6 14.
Rd2 Ne7 15. Rad1 Kc7 16. Ng3 Rhf8 17. Nf1 f5 18. Ne3 f4 19. Ned5+ Nxd5 20.
Nxd5+ Kc6 21. f3 h6 22. Kf2 b5 23. e5 a5 24. Ne7+ Kc7 25. exd6+ Kd7 26. a3 Rf6
27. Nd5 Bxd5 28. Rxd5 Rc8 29. h4 gxh4 30. Re5 Rxd6 31. Rxd6+ Kxd6 32. Rf5 Rc6
33. Rxf4 Kd5 34. Rxh4 b4 35. Ke3 Rg6 36. g4 a4 37. f4 Re6+ 38. Kd2 Re4 39. f5
Rf4 40. Ke3 Re4+ 41. Kf3 bxa3 42. bxa3 Rc4 43. Rxh6 Rxc2 44. Ra6 Rc3+ 45. Kf4
Rxa3 46. f6 Ra1 47. Kg5 Ke5 48. f7 Rf1 49. Kg6 c4 50. Kg7 1-0

[Event "SR 1. liga zapad 2013/2014"]
[Site "?"]
[Date "2013.10.13"]
[Round "11.8"]
[White "Lecky, Juraj"]
[Black "Mydlarik, Martin"]
[Result "0-1"]
[WhiteElo "1863"]
[BlackElo "2112"]
[PlyCount "40"]
[EventDate "2013.??.??"]
[WhiteTeam "SK Levice"]
[BlackTeam "SK Modra"]

1. e4 e6 2. d4 d5 3. Nc3 Bb4 4. e5 c5 5. a3 Bxc3+ 6. bxc3 Qc7 7. Qg4 Ne7 8.
Qxg7 Rg8 9. Qxh7 cxd4 10. Ne2 dxc3 11. f4 Nbc6 12. Qd3 Bd7 13. Qxc3 Rc8 14. Bd2
Nf5 15. g3 Qb6 16. Qd3 Na5 17. c3 Bb5 18. Qf3 Nc4 19. Bh3 Nxd2 20. Kxd2 Bxe2
0-1

[Event "SR 1. liga zapad 2013/2014"]
[Site "?"]
[Date "2013.10.13"]
[Round "12.1"]
[White "Smolen, Jan"]
[Black "Bagi, Mate"]
[Result "1/2-1/2"]
[WhiteElo "2384"]
[BlackElo "2368"]
[PlyCount "53"]
[EventDate "2013.??.??"]
[WhiteTeam "SK Strelec Devinska Nova Ves"]
[BlackTeam "KSC Komarno"]

1. c4 Nf6 2. Nc3 d5 3. cxd5 Nxd5 4. g3 e5 5. Bg2 Nb6 6. Nf3 Nc6 7. O-O Be7 8.
a3 O-O 9. b4 Be6 10. Rb1 f6 11. d3 Nd4 12. Nh4 c6 13. e3 Nf5 14. Nxf5 Bxf5 15.
Qb3+ Kh8 16. Ne4 Qd7 17. Nc5 Bxc5 18. bxc5 Qxd3 19. e4 Qxb3 20. Rxb3 Be6 21.
Rb4 Nd7 22. Rxb7 Nxc5 23. Rc7 Rfc8 24. Re7 Re8 25. Rc7 Rec8 26. Re7 Re8 27. Rc7
1/2-1/2

[Event "SR 1. liga zapad 2013/2014"]
[Site "?"]
[Date "2013.10.13"]
[Round "12.2"]
[White "Janko, Zoltan"]
[Black "Sosovicka, Juraj"]
[Result "1/2-1/2"]
[WhiteElo "2269"]
[BlackElo "2188"]
[PlyCount "114"]
[EventDate "2013.??.??"]
[WhiteTeam "KSC Komarno"]
[BlackTeam "SK Strelec Devinska Nova Ves"]

1. e4 e5 2. Nf3 Nc6 3. Bc4 Nf6 4. d4 exd4 5. e5 d5 6. Bb5 Ne4 7. Nxd4 Bd7 8.
Bxc6 bxc6 9. O-O Bc5 10. f3 Ng5 11. f4 Ne4 12. Nc3 Nxc3 13. bxc3 f5 14. Kh1 O-O
15. a4 Qe7 16. Nb3 Rfe8 17. a5 a6 18. Qd3 Be6 19. Be3 Bxe3 20. Qxe3 Reb8 21.
Rfb1 g6 22. Qc5 Qxc5 23. Nxc5 Bc8 24. Kg1 Kf7 25. Kf2 Rb5 26. Rxb5 cxb5 27. Ke3
Ke7 28. Kd4 Be6 29. Nd3 Kd7 30. Kc5 h6 31. Nb4 c6 32. Kb6 Rb8+ 33. Kc5 Ra8 34.
Nd3 Kc7 35. Kd4 Re8 36. Re1 Bc8 37. e6 Kd6 38. e7 Rxe7 39. Rxe7 Kxe7 40. Ke5 g5
41. g3 g4 42. Nc5 h5 43. Nb3 Bd7 44. Nd4 c5 45. Nxf5+ Bxf5 46. Kxf5 Kd6 47. Kg6
Ke7 48. f5 Kf8 49. Kf6 d4 50. cxd4 cxd4 51. Ke5 d3 52. cxd3 Kf7 53. Kd5 Kf6 54.
d4 Kxf5 55. Kc5 Ke6 56. Kc6 Ke7 57. Kc7 Ke6 1/2-1/2

[Event "SR 1. liga zapad 2013/2014"]
[Site "?"]
[Date "2013.10.13"]
[Round "12.3"]
[White "Duben, Igor"]
[Black "Bottyan, Peter"]
[Result "1/2-1/2"]
[WhiteElo "2179"]
[BlackElo "2241"]
[PlyCount "33"]
[EventDate "2013.??.??"]
[WhiteTeam "SK Strelec Devinska Nova Ves"]
[BlackTeam "KSC Komarno"]

1. d4 Nf6 2. Nf3 e6 3. c4 Bb4+ 4. Bd2 Qe7 5. a3 Bxd2+ 6. Nbxd2 d6 7. Qc2 O-O 8.
e3 e5 9. dxe5 dxe5 10. Bd3 Re8 11. Bf5 Nbd7 12. O-O e4 13. Nd4 Qe5 14. Rfe1 Nf8
15. Bxc8 Raxc8 16. f4 Qe7 17. Nf5 1/2-1/2

[Event "SR 1. liga zapad 2013/2014"]
[Site "?"]
[Date "2013.10.13"]
[Round "12.4"]
[White "Szegi, Tamas"]
[Black "Kolesar, Milan"]
[Result "1/2-1/2"]
[WhiteElo "2233"]
[BlackElo "2161"]
[PlyCount "33"]
[EventDate "2013.??.??"]
[WhiteTeam "KSC Komarno"]
[BlackTeam "SK Strelec Devinska Nova Ves"]

1. e4 c5 2. c3 d5 3. exd5 Qxd5 4. Nf3 Nf6 5. d4 e6 6. Be2 Nc6 7. O-O Be7 8. Be3
Ng4 9. Bf4 O-O 10. dxc5 Qxc5 11. Nd4 Nf6 12. Nxc6 bxc6 13. Nd2 Nd5 14. Nb3 Qb6
15. Bg3 Rd8 16. Qc2 a5 17. Rad1 1/2-1/2

[Event "SR 1. liga zapad 2013/2014"]
[Site "?"]
[Date "2013.10.13"]
[Round "12.5"]
[White "Sosovicka, Matej"]
[Black "Edes, Zsofia"]
[Result "1-0"]
[WhiteElo "2098"]
[BlackElo "2008"]
[PlyCount "55"]
[EventDate "2013.??.??"]
[WhiteTeam "SK Strelec Devinska Nova Ves"]
[BlackTeam "KSC Komarno"]

1. e4 g6 2. d4 Bg7 3. Nc3 d6 4. Be3 c6 5. a4 Nf6 6. h3 O-O 7. Nf3 Qc7 8. a5
Nbd7 9. Bd3 e5 10. dxe5 dxe5 11. O-O Ne8 12. Qe2 Nd6 13. Rfd1 h6 14. Nd2 f5 15.
Nc4 Ne8 16. f3 Rf6 17. Na4 Kh8 18. Qf2 Qb8 19. Qd2 f4 20. Bf2 Nf8 21. Bf1 Ne6
22. Nc5 Nxc5 23. Bxc5 Bf8 24. Bxf8 Rxf8 25. Qb4 Kg7 26. Qe7+ Kg8 27. Rd8 Qc7
28. Rxe8 1-0

[Event "SR 1. liga zapad 2013/2014"]
[Site "?"]
[Date "2013.10.13"]
[Round "12.6"]
[White "Baranek, Jozef"]
[Black "Oprea, Erik"]
[Result "0-1"]
[WhiteElo "2152"]
[BlackElo "2130"]
[PlyCount "112"]
[EventDate "2013.??.??"]
[WhiteTeam "KSC Komarno"]
[BlackTeam "SK Strelec Devinska Nova Ves"]

1. g3 d6 2. d4 c6 3. Bg2 Nd7 4. b3 Ngf6 5. Bb2 g6 6. e4 e5 7. Ne2 Bg7 8. O-O
O-O 9. Nd2 Re8 10. Nc4 Nb6 11. Nxb6 Qxb6 12. dxe5 dxe5 13. c4 h5 14. Qc2 Nh7
15. c5 Qc7 16. Rad1 h4 17. f4 h3 18. Bf3 g5 19. f5 b6 20. Bg4 Ba6 21. Bxh3 bxc5
22. Rd2 Rad8 23. Rfd1 Rxd2 24. Rxd2 Rd8 25. Bf1 g4 26. Bc1 Ng5 27. Rxd8+ Qxd8
28. Bxg5 Qxg5 29. Qc1 Qd8 30. Kf2 Bf8 31. h3 gxh3 32. Bxh3 Be7 33. Bf1 Qd3 34.
Qe3 Qc2 35. Qf3 Bg5 36. Qh5 Qd2 37. Qg4 Kf8 38. Kg2 c4 39. bxc4 Bxc4 40. a3 Bd3
41. Qf3 Qc2 42. Qg4 Bxe4+ 43. Kf2 Bd2 44. Bg2 Bxf5 45. Qh4 Qc5+ 46. Kf1 Qd6 47.
Bxc6 Bh6 48. Be4 Bd7 49. g4 Be3 50. Kg2 Bb5 51. Kf3 Bd2 52. Ng3 Qxa3+ 53. Kg2
Bf4 54. Qh8+ Ke7 55. Nf5+ Kd7 56. Qa8 Qb2+ 0-1

[Event "SR 1. liga zapad 2013/2014"]
[Site "?"]
[Date "2013.10.13"]
[Round "12.7"]
[White "Hricak, Vasil"]
[Black "Pallag, Gergely"]
[Result "1/2-1/2"]
[WhiteElo "2118"]
[BlackElo "2075"]
[PlyCount "41"]
[EventDate "2013.??.??"]
[WhiteTeam "SK Strelec Devinska Nova Ves"]
[BlackTeam "KSC Komarno"]

1. e4 e6 2. d4 d5 3. Nc3 Bb4 4. e5 c5 5. a3 Bxc3+ 6. bxc3 Qa5 7. Bd2 Qa4 8. Qb1
c4 9. Be2 Nc6 10. f4 Nge7 11. Nf3 Bd7 12. O-O O-O-O 13. Ng5 Rdf8 14. Nh3 f6 15.
Nf2 h5 16. Nd1 Qa5 17. Qc1 Nf5 18. Be1 Nce7 19. Qb2 Qa4 20. Bd2 Bc6 21. Ne3
1/2-1/2

[Event "SR 1. liga zapad 2013/2014"]
[Site "?"]
[Date "2013.10.13"]
[Round "12.8"]
[White "Voros, Gellert"]
[Black "Ochrana, Ladislav"]
[Result "1-0"]
[WhiteElo "2038"]
[BlackElo "2045"]
[PlyCount "55"]
[EventDate "2013.??.??"]
[WhiteTeam "KSC Komarno"]
[BlackTeam "SK Strelec Devinska Nova Ves"]

1. e4 e5 2. Nc3 Nf6 3. Bc4 Bb4 4. f4 Bxc3 5. dxc3 O-O 6. fxe5 Nxe4 7. Nf3 c6 8.
Bf4 Qb6 9. Qd4 Qxb2 10. O-O Qb6 11. Kh1 Qxd4 12. cxd4 b5 13. Bb3 Bb7 14. a4
bxa4 15. Rxa4 c5 16. Bg5 Nc3 17. Raa1 cxd4 18. Nxd4 Bd5 19. Bd2 Bxb3 20. Bxc3
Bc4 21. Rf4 Rc8 22. Nf5 Ba6 23. Ne7+ Kf8 24. Nxc8 Bxc8 25. Raf1 f6 26. exf6 g6
27. f7 Bb7 28. Bb4+ 1-0

[Event "SR 1. liga zapad 2013/2014"]
[Site "?"]
[Date "2013.11.16"]
[Round "13.1"]
[White "Schwarz, Dusan"]
[Black "Pagerka, Martin"]
[Result "0-1"]
[WhiteElo "2390"]
[BlackElo "2224"]
[PlyCount "124"]
[EventDate "2013.??.??"]
[WhiteTeam "SK Doprastav Bratislava B"]
[BlackTeam "SK Osuske"]

1. d4 d5 2. c4 c6 3. Nf3 Nf6 4. Nc3 e6 5. Bg5 h6 6. Bxf6 Qxf6 7. e3 Qd8 8. Bd3
Nd7 9. O-O Bd6 10. e4 dxe4 11. Nxe4 Bc7 12. Re1 O-O 13. Nc3 Nf6 14. Qe2 b6 15.
Rad1 Bb7 16. Ne5 Qe7 17. Qf3 Rad8 18. Bc2 Bb8 19. Qe3 c5 20. dxc5 bxc5 21. Ba4
Qc7 22. f4 a6 23. h3 Ba7 24. Ne2 Ba8 25. b3 g6 26. Kh2 h5 27. Ng1 Rd4 28. Ngf3
Re4 29. Qd2 Rxe1 30. Nxe1 Bb8 31. Qe3 g5 32. N1d3 Ne4 33. fxg5 Rd8 34. Qf4 Rxd3
35. Rxd3 Qxe5 36. Rd8+ Kg7 37. Qxe5+ Bxe5+ 38. Kg1 Bb7 39. Rd7 Nd6 40. Kf1 Be4
41. Rc7 Bd3+ 42. Ke1 Nxc4 43. Rxc5 Bc3+ 44. Kd1 Nb2+ 45. Kc1 Nxa4 46. bxa4 Bd4
47. Rc6 Be3+ 48. Kd1 e5 49. g4 h4 50. Rd6 e4 51. Ke1 Bxg5 52. Rd5 Be3 53. Rh5
Kg6 54. Rf5 Bc1 55. Rc5 Bf4 56. Rf5 Bd6 57. Kd2 f6 58. Ke3 Be5 59. Rf2 Bc7 60.
Rf5 Bb6+ 61. Kd2 Bc4 62. Rf4 e3+ 0-1

[Event "SR 1. liga zapad 2013/2014"]
[Site "?"]
[Date "2013.11.16"]
[Round "13.2"]
[White "Jozefek, Michal"]
[Black "Novak, Ivan"]
[Result "1-0"]
[WhiteElo "2168"]
[BlackElo "2188"]
[PlyCount "57"]
[EventDate "2013.??.??"]
[WhiteTeam "SK Osuske"]
[BlackTeam "SK Doprastav Bratislava B"]

1. d4 Nc6 2. Nf3 d5 3. g3 Bg4 4. Bg2 e6 5. O-O Nf6 6. Nbd2 Ne4 7. c3 f5 8. Qa4
Bd6 9. Re1 O-O 10. Nxe4 fxe4 11. Nd2 e5 12. Qb3 Be7 13. Bxe4 exd4 14. Qxd5+ Kh8
15. f3 dxc3 16. bxc3 Qxd5 17. Bxd5 Bd7 18. Rb1 Rab8 19. Ne4 Na5 20. Bf4 Rfc8
21. Ng5 h6 22. Nf7+ Kh7 23. Ne5 Be8 24. Red1 Bf6 25. Rd3 b5 26. Rbd1 Rb6 27.
Be4+ Kg8 28. Ng4 Be7 29. Bf5 1-0

[Event "SR 1. liga zapad 2013/2014"]
[Site "?"]
[Date "2013.11.16"]
[Round "13.3"]
[White "Bednar, Jan"]
[Black "Bury, Rastislav"]
[Result "1-0"]
[WhiteElo "2185"]
[BlackElo "2120"]
[PlyCount "83"]
[EventDate "2013.??.??"]
[WhiteTeam "SK Doprastav Bratislava B"]
[BlackTeam "SK Osuske"]

1. d4 Nf6 2. Nf3 e6 3. c4 Bb4+ 4. Nbd2 d5 5. Qa4+ Nc6 6. Ne5 Bd7 7. Nxd7 Qxd7
8. e3 Ne4 9. cxd5 Qxd5 10. f3 Nxd2 11. Bxd2 Bxd2+ 12. Kxd2 O-O 13. Bd3 e5 14.
Be4 Qa5+ 15. Qxa5 Nxa5 16. Rac1 exd4 17. Rxc7 dxe3+ 18. Kxe3 Rfe8 19. Kf4 Kf8
20. Rhc1 Rab8 21. Bd5 Re7 22. Rxe7 Kxe7 23. Rc7+ Kd6 24. Rxf7 Kxd5 25. Rf5+ Ke6
26. Rxa5 a6 27. Re5+ Kf6 28. Rc5 Rd8 29. Rc7 Rd4+ 30. Ke3 Rb4 31. b3 a5 32. Kd3
h5 33. Rc5 Rh4 34. h3 a4 35. Rb5 axb3 36. axb3 g5 37. Rxb7 Rf4 38. Rb5 g4 39.
hxg4 hxg4 40. Ke3 gxf3 41. Kxf4 f2 42. Rf5+ 1-0

[Event "SR 1. liga zapad 2013/2014"]
[Site "?"]
[Date "2013.11.16"]
[Round "13.4"]
[White "Kimerling, Martin"]
[Black "Karas, Marek"]
[Result "1-0"]
[WhiteElo "2109"]
[BlackElo "2037"]
[PlyCount "69"]
[EventDate "2013.??.??"]
[WhiteTeam "SK Osuske"]
[BlackTeam "SK Doprastav Bratislava B"]

1. d4 Nf6 2. c4 e6 3. Nc3 Bb4 4. a3 Bxc3+ 5. bxc3 c5 6. e3 b6 7. Bd3 Bb7 8. f3
d6 9. Ne2 Nc6 10. O-O Qe7 11. e4 e5 12. d5 Na5 13. Ng3 g6 14. f4 exf4 15. Bxf4
Nd7 16. Ra2 f6 17. Raf2 Ba6 18. Qe2 Rf8 19. h4 O-O-O 20. h5 Kc7 21. hxg6 hxg6
22. e5 fxe5 23. Qe3 Qh7 24. Bg5 Rde8 25. Rxf8 Rxf8 26. Rxf8 Nxf8 27. Qf3 Qg7
28. Ne4 Nd7 29. Qh3 Bxc4 30. Bxc4 Nxc4 31. Qe6 Qf8 32. Be7 Qf5 33. Nxd6 Nxd6
34. Qxd6+ Kc8 35. Qc6+ 1-0

[Event "SR 1. liga zapad 2013/2014"]
[Site "?"]
[Date "2013.11.16"]
[Round "13.5"]
[White "Polacik, Igor"]
[Black "Jablonicky, Martin"]
[Result "1-0"]
[WhiteElo "2168"]
[BlackElo "1967"]
[PlyCount "81"]
[EventDate "2013.??.??"]
[WhiteTeam "SK Doprastav Bratislava B"]
[BlackTeam "SK Osuske"]

1. e4 c6 2. Nc3 g6 3. Nf3 Bg7 4. d4 d5 5. h3 Nf6 6. e5 Ne4 7. Nxe4 dxe4 8. Ng5
c5 9. Bb5+ Nc6 10. Bxc6+ bxc6 11. e6 f6 12. Nf7 Qxd4 13. Nxh8 Bxh8 14. O-O Bxe6
15. c3 Qc4 16. Qb3 Qxf1+ 17. Kxf1 Bxb3 18. axb3 a5 19. Be3 c4 20. bxc4 f5 21.
Ra4 Ra6 22. Ke2 Be5 23. Kd2 Bd6 24. Kc2 c5 25. Bd2 Ra8 26. b4 cxb4 27. cxb4 Rc8
28. b5 Bb4 29. Rxb4 axb4 30. Kb3 e5 31. g3 Rd8 32. Be3 g5 33. Bxg5 Rd3+ 34.
Kxb4 Rf3 35. c5 Rxf2 36. c6 h6 37. Bxh6 f4 38. gxf4 exf4 39. b6 e3 40. Kc3 Rf1
41. b7 1-0

[Event "SR 1. liga zapad 2013/2014"]
[Site "?"]
[Date "2013.11.16"]
[Round "13.6"]
[White "Jablonicky, Frantisek"]
[Black "Orosi, Peter"]
[Result "1-0"]
[WhiteElo "2146"]
[BlackElo "2065"]
[PlyCount "51"]
[EventDate "2013.??.??"]
[WhiteTeam "SK Osuske"]
[BlackTeam "SK Doprastav Bratislava B"]

1. Nf3 Nf6 2. d4 d5 3. c4 e6 4. g3 Be7 5. Bg2 O-O 6. O-O b6 7. Nc3 Bb7 8. Ne5
Nbd7 9. f4 c6 10. e3 Qc7 11. cxd5 Nxd5 12. Nxd5 exd5 13. Bd2 f6 14. Ng4 Rad8
15. Qb3 Kh8 16. Rfc1 Qd6 17. Qa4 a6 18. b4 Rfe8 19. Nf2 c5 20. bxc5 bxc5 21.
Rab1 Rb8 22. Bh3 Nb6 23. dxc5 Nxa4 24. cxd6 Bxd6 25. Bd7 Ba3 26. Rc7 1-0